[Event "BL 0910 SV Wattenscheid - SK König Tege"]
[Site "?"]
[Date "2009.11.14"]
[Round "3.4"]
[White "Bartel, Mateusz"]
[Black "Von Herman, Ulf"]
[Result "1-0"]
[WhiteElo "2609"]
[BlackElo "2424"]
[PlyCount "45"]
[EventDate "2009.??.??"]

1. e4 g6 2. d4 Bg7 3. Nf3 d6 4. Bc4 e6 5. Bb3 Nd7 6. a4 Ne7 7. Nc3 O-O 8. h4 c5
9. h5 cxd4 10. Nxd4 Nc5 11. Bg5 Qd7 12. Qd2 Nc6 13. Nxc6 bxc6 14. Bh6 Bxh6 15.
Qxh6 d5 16. O-O-O Qb7 17. e5 Rb8 18. Rd4 Nxb3+ 19. cxb3 Qxb3 20. Nd1 Rb7 21.
Rf4 Qb6 22. Rh3 d4 23. hxg6 1-0

[Event "BL 0910 SV Wattenscheid - SK König Tege"]
[Site "?"]
[Date "2009.11.14"]
[Round "3.5"]
[White "Muse, Drazen"]
[Black "Rustemov, Alexander"]
[Result "0-1"]
[WhiteElo "2367"]
[BlackElo "2532"]
[PlyCount "160"]
[EventDate "2009.??.??"]

1. d4 g6 2. e4 Bg7 3. Nc3 c6 4. Be3 Qb6 5. a3 d6 6. h3 Nf6 7. Nf3 O-O 8. Bd3
Nbd7 9. O-O Qc7 10. Ne2 e5 11. dxe5 Nxe5 12. Nxe5 dxe5 13. Ng3 Be6 14. Qe2 h5
15. Rfd1 Rfe8 16. Nf1 Kh7 17. Nd2 Bh6 18. Nf3 Bxe3 19. Qxe3 Nd7 20. Ng5+ Kg7
21. Rd2 Nf8 22. Rad1 b6 23. Be2 Rad8 24. Qc3 Rxd2 25. Rxd2 f6 26. Nf3 Re7 27.
Qb4 Bc8 28. Bc4 Rd7 29. Rxd7+ Qxd7 30. Qd2 g5 31. Qxd7+ Bxd7 32. Ne1 Ng6 33. f3
h4 34. Kf2 Kf8 35. b4 Ke7 36. c3 Kd6 37. Nc2 Nf4 38. Ne3 Ke7 39. Bf1 Be6 40.
Ke1 Kf7 41. Kd2 Kg6 42. Kc2 Kf7 43. Kd2 Ke7 44. Ke1 Nh5 45. Kd2 Ng7 46. Bd3 Ne8
47. Ke2 Nd6 48. Kf2 Kd7 49. Ke1 Kc7 50. Kd2 c5 51. bxc5 bxc5 52. c4 Ne8 53. Kc3
Kd6 54. Kb3 Bd7 55. Kc3 Nc7 56. Bf1 Bc6 57. Nf5+ Kd7 58. Ng7 Na8 59. Nf5 Nb6
60. Ne3 Ke6 61. Bd3 Nc8 62. Nf5 Bd7 63. Ne3 Ne7 64. Bc2 Ng6 65. Bd3 Nf4 66. Bf1
Kd6 67. Kd2 Ke7 68. Nd1 f5 69. Nc3 g4 70. hxg4 fxg4 71. fxg4 Kf6 72. Ke3 Kg5
73. Kf3 Bxg4+ 74. Kf2 Ne6 75. g3 h3 76. Kg1 Nd4 77. Na4 Nf3+ 78. Kf2 Nd2 79.
Nxc5 h2 80. Bg2 Nxc4 0-1

[Event "BL 0910 SV Wattenscheid - SK König Tege"]
[Site "?"]
[Date "2009.11.14"]
[Round "3.6"]
[White "Appel, Ralf"]
[Black "Fruebing, Stefan"]
[Result "1/2-1/2"]
[WhiteElo "2551"]
[BlackElo "2337"]
[PlyCount "89"]
[EventDate "2009.??.??"]

1. Nf3 Nf6 2. g3 g6 3. Bg2 Bg7 4. O-O O-O 5. c4 d6 6. d4 Nc6 7. Nc3 a6 8. b3
Rb8 9. a4 a5 10. Ba3 Nb4 11. Qd2 b6 12. Rfd1 c5 13. Rac1 Bd7 14. Bb2 Qc8 15.
Re1 Bg4 16. d5 Re8 17. e4 Nd7 18. Nd1 Bxf3 19. Bxf3 Ne5 20. Be2 Nbd3 21. f4
Nxc1 22. Qxc1 Ng4 23. Bxg7 Kxg7 24. Qc3+ f6 25. h3 Nh6 26. Kg2 e5 27. dxe6 Qxe6
28. Nf2 Qe7 29. Kf1 Rf8 30. Bf3 Rbe8 31. Nd1 Kh8 32. Ne3 Qg7 33. Nd5 Rb8 34.
Rd1 g5 35. Kf2 Ng8 36. Bg4 Rb7 37. Ne3 gxf4 38. gxf4 Nh6 39. Kf3 Nxg4 40. hxg4
Qh6 41. Kg3 Qg6 42. Rxd6 Qxe4 43. Rxf6 Rxf6 44. Qxf6+ Rg7 45. Qf8+ 1/2-1/2

[Event "BL 0910 SV Wattenscheid - SK König Tege"]
[Site "?"]
[Date "2009.11.14"]
[Round "3.7"]
[White "Giemsa, Stephan"]
[Black "Holzke, Frank Dr"]
[Result "1/2-1/2"]
[WhiteElo "2305"]
[BlackElo "2526"]
[PlyCount "105"]
[EventDate "2009.??.??"]

1. d4 d5 2. Nf3 Nf6 3. c4 c6 4. e3 Bf5 5. Nc3 e6 6. Nh4 Bg6 7. Be2 Nbd7 8. O-O
Be7 9. g3 O-O 10. Nxg6 hxg6 11. b3 a6 12. Bb2 b5 13. c5 b4 14. Na4 e5 15. dxe5
Ne4 16. Rc1 Qc7 17. Bd4 Nxe5 18. f3 Nf6 19. Qd2 a5 20. Qb2 Ned7 21. Bd3 Rae8
22. Kg2 Bd8 23. a3 Re6 24. axb4 axb4 25. Qd2 Qb7 26. Ra1 Be7 27. Rfc1 Ra8 28.
Bf1 Bf8 29. Bd3 Ra5 30. Rc2 Ne8 31. Rh1 Ne5 32. Be2 g5 33. f4 gxf4 34. exf4 Nd7
35. Bg4 Re7 36. Re1 Nef6 37. Rxe7 Bxe7 38. Bf3 Ra8 39. g4 Ne4 40. Bxe4 dxe4 41.
Qe3 Bf6 42. Qxe4 Bxd4 43. Qxd4 Nf6 44. Nb6 Re8 45. g5 Nh5 46. Rf2 Qe7 47. Nc4
Qe1 48. Ne5 Nxf4+ 49. Qxf4 Rxe5 50. Qxf7+ Kh7 51. Qh5+ Kg8 52. Qf7+ Kh7 53.
Qh5+ 1/2-1/2

[Event "BL 0910 SV Wattenscheid - SK König Tege"]
[Site "?"]
[Date "2009.11.14"]
[Round "3.8"]
[White "Handke, Florian"]
[Black "Kachibadze, Georg"]
[Result "1/2-1/2"]
[WhiteElo "2513"]
[BlackElo "2239"]
[PlyCount "41"]
[EventDate "2009.??.??"]

1. e4 c5 2. Nf3 Nc6 3. Bb5 d6 4. O-O Bd7 5. c3 Nf6 6. Re1 a6 7. Bf1 Bg4 8. d3
e6 9. Nbd2 Be7 10. h3 Bh5 11. a3 O-O 12. b4 d5 13. Bb2 b5 14. exd5 Nxd5 15. c4
Nf4 16. Qc2 cxb4 17. cxb5 bxa3 18. Bxa3 axb5 19. Qxc6 Rxa3 20. Rxa3 Bxa3 21.
Qxb5 1/2-1/2

[Event "BL 0910 SK König Tegel - SV Mülheim Nor"]
[Site "Berlin"]
[Date "2009.12.12"]
[Round "5.1"]
[White "Landa, Konstantin"]
[Black "Rabiega, Robert"]
[Result "1-0"]
[WhiteElo "2655"]
[BlackElo "2531"]
[PlyCount "83"]
[EventDate "2009.??.??"]

1. d4 d5 2. c4 Nc6 3. Nc3 dxc4 4. Nf3 Nf6 5. Qa4 Nd7 6. Qxc4 Nb6 7. Qb3 Bg4 8.
d5 Bxf3 9. gxf3 Nd4 10. Qd1 e5 11. e3 Nf5 12. Rg1 g6 13. Bb5+ Nd7 14. Ne4 Be7
15. Qa4 a6 16. Bxd7+ Qxd7 17. Qxd7+ Kxd7 18. Bd2 Nh4 19. Ke2 f5 20. Ng5 Bxg5
21. Rxg5 Rae8 22. e4 h6 23. Rgg1 g5 24. Rac1 Rhg8 25. Rc4 g4 26. fxg4 Rxg4 27.
Rxg4 fxg4 28. Bxh6 Nf3 29. Be3 Rh8 30. Rc1 Rxh2 31. b4 Kd8 32. a4 Kd7 33. b5
axb5 34. axb5 b6 35. Rc6 Rh1 36. Rg6 Re1+ 37. Kd3 Rd1+ 38. Kc2 Rg1 39. Kc3 Ke7
40. Rg7+ Kd6 41. Kc4 Rg2 42. Bc1 1-0

[Event "BL 0910 SK König Tegel - SV Mülheim Nor"]
[Site "Berlin"]
[Date "2009.12.12"]
[Round "5.4"]
[White "Von Herman, Ulf"]
[Black "Levin, Felix"]
[Result "0-1"]
[WhiteElo "2424"]
[BlackElo "2481"]
[PlyCount "116"]
[EventDate "2009.??.??"]

1. d4 d5 2. c4 dxc4 3. Nf3 Nf6 4. Nc3 e6 5. e4 Bb4 6. Bg5 c5 7. e5 cxd4 8. Nxd4
Bxc3+ 9. bxc3 Qa5 10. exf6 Qxg5 11. fxg7 Qxg7 12. Qd2 O-O 13. Bxc4 Rd8 14. Qe3
Nd7 15. O-O Ne5 16. Be2 b6 17. f4 Bb7 18. Rf2 Nc6 19. Bf3 Nxd4 20. Bxb7 Nf5 21.
Qh3 Rab8 22. Be4 Rbc8 23. Bxf5 exf5 24. Rf3 Qf6 25. Re1 Rc5 26. Qg3+ Kf8 27. h3
Rdc8 28. Ree3 h6 29. Kh2 Rd5 30. Qe1 Rcd8 31. Qc1 a5 32. Qa3+ Qd6 33. Qb2 Rd2
34. Qb5 Qc5 35. Qb3 Re8 36. Rxe8+ Kxe8 37. Qb1 Qd5 38. Qe1+ Kf8 39. Qg3 Rxa2
40. Re3 Rc2 41. Re5 Qc6 42. Rxf5 a4 43. c4 Rxc4 44. Qa3+ Kg7 45. Qg3+ Kf8 46.
Qa3+ Kg8 47. Qe7 Qe6 48. Qd8+ Kg7 49. Qd3 Re4 50. Rd5 Re2 51. Qg3+ Qg6 52. Qf3
Rb2 53. Qc3+ Qf6 54. Qg3+ Kh7 55. Qd3+ Qg6 56. Qf3 Rb3 57. Qf2 a3 58. f5 Qf6
0-1

[Event "BL 0910 SK König Tegel - SV Mülheim Nor"]
[Site "Berlin"]
[Date "2009.12.12"]
[Round "5.6"]
[White "Sarbok, Torsten"]
[Black "Saltaev, Mihail"]
[Result "0-1"]
[WhiteElo "2319"]
[BlackElo "2492"]
[PlyCount "136"]
[EventDate "2009.??.??"]

1. e4 c6 2. d4 d5 3. exd5 cxd5 4. Bd3 Nf6 5. h3 g6 6. Nf3 Bf5 7. O-O Nc6 8. c3
Bg7 9. Bf4 Qb6 10. Bxf5 gxf5 11. Qb3 e6 12. Nbd2 Ne4 13. Rad1 O-O 14. Ne1 Rfc8
15. Nd3 Nxd2 16. Rxd2 Qxb3 17. axb3 Na5 18. b4 Nc4 19. Rdd1 a5 20. bxa5 Nxa5
21. Ra1 Bf8 22. g4 fxg4 23. hxg4 Nb3 24. Rxa8 Rxa8 25. Kg2 b5 26. Be3 b4 27.
cxb4 Ra4 28. Nc5 Rxb4 29. Nxb3 Rxb3 30. Rc1 Rxb2 31. Rc8 Kg7 32. Bf4 Be7 33. g5
Rb7 34. Kf3 f6 35. Kg4 fxg5 36. Bxg5 Bxg5 37. Kxg5 h6+ 38. Kf4 Rb2 39. f3 Rd2
40. Ke5 Re2+ 41. Kf4 Kf6 42. Rh8 Rh2 43. Rf8+ Ke7 44. Ra8 Rh4+ 45. Ke3 Rh1 46.
Kf4 Rh5 47. Rh8 Kf6 48. Rf8+ Kg7 49. Re8 Rf5+ 50. Kg4 Rf6 51. Ra8 Rf8 52. Ra7+
Kg6 53. Re7 h5+ 54. Kg3 Rf6 55. Re8 Kg5 56. Rg8+ Rg6 57. Rh8 Rh6 58. Rg8+ Rg6
59. Rh8 Rg7 60. Re8 h4+ 61. Kf2 Rg6 62. Rh8 Rh6 63. Rg8+ Kf6 64. Rf8+ Kg7 65.
Ra8 h3 66. Ra1 h2 67. Kg2 Kf6 68. Rh1 Kf5 0-1

[Event "BL 0910 Schachfr. Berlin - SF Katernber"]
[Site "Berlin"]
[Date "2009.12.12"]
[Round "5.1"]
[White "Chuchelov, Vladimir"]
[Black "Lauber, Arnd"]
[Result "0-1"]
[WhiteElo "2598"]
[BlackElo "2517"]
[PlyCount "132"]
[EventDate "2009.??.??"]

1. c4 e6 2. Nc3 d5 3. d4 Nf6 4. cxd5 exd5 5. Bg5 Be7 6. e3 c6 7. Qc2 Nbd7 8.
Bd3 Nh5 9. Bxe7 Qxe7 10. Nge2 g6 11. O-O-O Nb6 12. h3 Bd7 13. Kb1 O-O-O 14. Na4
Nxa4 15. Qxa4 Kb8 16. Nc3 Ng7 17. Ka1 Bf5 18. Be2 h5 19. Rhe1 Qh4 20. f3 Rhe8
21. Bf1 Bc8 22. e4 dxe4 23. fxe4 f5 24. e5 Ne6 25. Ne2 Qf2 26. Qb4 Rd5 27. Rd3
c5 28. Qd2 Nxd4 29. Rd1 Rdxe5 30. Nxd4 Qxd2 31. R3xd2 cxd4 32. Rxd4 Re1 33. Kb1
Rxd1+ 34. Rxd1 f4 35. Bd3 g5 36. h4 gxh4 37. Rf1 Re3 38. Bc2 Rg3 39. Be4 Rg4
40. Kc2 Bd7 41. Bf3 Rg3 42. Be4 Bc6 43. Bxc6 bxc6 44. Rxf4 Rxg2+ 45. Kc3 Rg3+
46. Kd2 h3 47. Rh4 Kc7 48. Rxh5 Kd6 49. b3 Rg2+ 50. Kd3 h2 51. a4 Ke6 52. b4
Kf6 53. b5 cxb5 54. axb5 Kg6 55. Rh8 Kf5 56. Ke3 Rb2 57. Rh4 Kg5 58. Rh7 Kg4
59. Rg7+ Kh3 60. Rh7+ Kg2 61. Rg7+ Kf1 62. Rf7+ Kg1 63. Rg7+ Rg2 64. Rxa7 Rg5
65. Kf4 Rxb5 66. Rg7+ Kf2 0-1

[Event "BL 0910 Schachfr. Berlin - SF Katernber"]
[Site "Berlin"]
[Date "2009.12.12"]
[Round "5.8"]
[White "Thinius, Marco"]
[Black "Rosen, Bernd"]
[Result "1/2-1/2"]
[WhiteElo "2375"]
[BlackElo "2355"]
[PlyCount "98"]
[EventDate "2009.??.??"]

1. c4 c5 2. Nf3 Nc6 3. Nc3 g6 4. e3 d6 5. d4 Bg4 6. Be2 Bg7 7. O-O Nf6 8. h3
Bxf3 9. Bxf3 O-O 10. dxc5 dxc5 11. Bxc6 bxc6 12. Qc2 Qd6 13. b3 Rfd8 14. Rd1
Qe5 15. Bb2 Ne4 16. Nxe4 Qxb2 17. Qxb2 Bxb2 18. Rab1 Ba3 19. Kf1 h6 20. f4 Kf8
21. Ke2 Ke8 22. g4 a5 23. f5 Bb4 24. Rxd8+ Kxd8 25. a4 Ke8 26. h4 gxf5 27. gxf5
Rd8 28. Rg1 Kf8 29. h5 Rd7 30. Rd1 Rxd1 31. Kxd1 Kg7 32. Ke2 f6 33. Nf2 Kf7 34.
Kf3 Bd2 35. Nd3 Bb4 36. Nf2 Bd2 37. Ng4 Kg7 38. Ke4 Bb4 39. Kd3 Be1 40. Ke2 Bb4
41. Nf2 Kf7 42. Nd3 e6 43. Kf3 e5 44. Ke4 Ba3 45. Nf2 Bc1 46. Kd3 Ba3 47. Ke4
Bc1 48. Nd3 Ba3 49. Nf2 Bc1 1/2-1/2

[Event "BL 0910 Solinger SG - Bayern München"]
[Site "?"]
[Date "2009.12.13"]
[Round "6.2"]
[White "Buhmann, Rainer"]
[Black "Marcelin, Cyril"]
[Result "1/2-1/2"]
[WhiteElo "2603"]
[BlackElo "2499"]
[PlyCount "95"]
[EventDate "2009.??.??"]

1. Nf3 d5 2. d4 Nf6 3. c4 e6 4. g3 dxc4 5. Bg2 c5 6. O-O Nc6 7. dxc5 Qxd1 8.
Rxd1 Bxc5 9. Nbd2 c3 10. bxc3 O-O 11. Nb3 Be7 12. c4 Bd7 13. Bb2 Rac8 14. e4
Rfd8 15. e5 Ne8 16. c5 Nb4 17. Ba3 Nd5 18. Nfd2 b6 19. Ne4 bxc5 20. Bxc5 Bxc5
21. Nexc5 Bc6 22. Na5 Ba8 23. Nab7 Bxb7 24. Nxb7 Rd7 25. Bxd5 exd5 26. Nd6 Nxd6
27. Rxd5 Rc6 28. Rad1 f6 29. exd6 Kf7 30. f4 g6 31. Ra5 Ke6 32. Re1+ Kf7 33.
Rd1 Ke6 34. Kf2 Rcxd6 35. Rxd6+ Kxd6 36. Ke3 Ke6 37. Ra6+ Kf5 38. h3 h5 39.
Ra5+ Ke6 40. Ke4 f5+ 41. Ke3 Kf6 42. h4 Ke6 43. Ra6+ Kf7 44. a4 Kg7 45. a5 Kf7
46. Rc6 Kg7 47. Rc4 Kh6 48. Rc6 1/2-1/2

[Event "BL 0910 Solinger SG - Bayern München"]
[Site "?"]
[Date "2009.12.13"]
[Round "6.3"]
[White "Boensch, Uwe"]
[Black "Edouard, Romain"]
[Result "1/2-1/2"]
[WhiteElo "2511"]
[BlackElo "2620"]
[PlyCount "40"]
[EventDate "2009.??.??"]

1. d4 Nf6 2. c4 c5 3. d5 e6 4. Nc3 exd5 5. cxd5 d6 6. e4 g6 7. Nf3 Bg7 8. h3 a6
9. Bd3 Nbd7 10. Bf4 Qe7 11. O-O O-O 12. a4 Nh5 13. Bh2 Bh6 14. Re1 Bf4 15. Bf1
Qf6 16. Bxf4 Nxf4 17. g3 Nh5 18. Nh2 Re8 19. Ng4 Qd8 20. Ne3 Rb8 1/2-1/2

[Event "BL 0910 Solinger SG - Bayern München"]
[Site "?"]
[Date "2009.12.13"]
[Round "6.5"]
[White "Belezky, Alexander"]
[Black "Ernst, Sipke"]
[Result "1/2-1/2"]
[WhiteElo "2463"]
[BlackElo "2589"]
[PlyCount "205"]
[EventDate "2009.??.??"]

1. Nf3 Nf6 2. g3 g6 3. Bg2 Bg7 4. O-O O-O 5. d4 d6 6. b3 e5 7. dxe5 Nfd7 8. Bb2
dxe5 9. Nfd2 Nb6 10. a4 a5 11. Na3 Qe7 12. Ndc4 Rd8 13. Qe1 Nc6 14. Bxc6 bxc6
15. Nxa5 Qc5 16. b4 Qd5 17. Rd1 Qxd1 18. Qxd1 Rxd1 19. Rxd1 Ba6 20. c4 Nxa4 21.
Ba1 Nb6 22. e4 c5 23. b5 Bxb5 24. Nxb5 Rxa5 25. Rd8+ Bf8 26. Bc3 Ra8 27. Rxa8
Nxa8 28. Bxe5 Nb6 29. Na3 Bd6 30. Ba1 f5 31. exf5 gxf5 32. f4 Kf7 33. Kf2 h5
34. Ke3 Nd7 35. Kd3 Ke6 36. Nc2 Nf8 37. Ne3 c6 38. Kc2 Bc7 39. Bc3 Nd7 40. Kd3
Bd8 41. Nf1 Be7 42. Nd2 Bd8 43. Nb3 Bc7 44. Bb2 Bb6 45. Ba3 Kf6 46. Ke2 Kf7 47.
Kf3 Kf6 48. Kg2 Kf7 49. Kh3 Kf6 50. Kg2 Kf7 51. Kf1 Kg6 52. Ke2 Kf7 53. Nc1 Bc7
54. Nd3 Bd6 55. Bc1 Ke6 56. Be3 Be7 57. Kd2 Bf8 58. Kc2 Be7 59. Bd2 Nf6 60. Nf2
Ng4 61. Nxg4 hxg4 62. Bc3 Bd8 63. Kd3 Kf7 64. Bd2 Be7 65. Ba5 Ke6 66. Ke2 Kf7
67. Bb6 Bf8 68. Ke3 Be7 69. Kf2 Kg6 70. Kg2 Kh6 71. Kf2 Kg6 72. Kf1 Kh6 73. Ke2
Kg6 74. Kd3 Kf7 75. Ba5 Ke6 76. Bd2 Bf8 77. Be3 Be7 78. Bg1 Bf8 79. Ke2 Kf7 80.
Kd2 Ke6 81. Kd3 Be7 82. Kc2 Kd6 83. Bf2 Bf8 84. Be1 Kd7 85. Bc3 Be7 86. Kb3 Kc7
87. Ka4 Kb7 88. Ka3 Kc8 89. Kb2 Kd7 90. Kc2 Bf8 91. Bd2 Bd6 92. Be3 Be7 93. Bg1
Kd6 94. Kd3 Ke6 95. Ke2 Kf7 96. Kf1 Kg6 97. Be3 Bf8 98. Kg1 Be7 99. Kh1 Bf8
100. Kg2 Be7 101. h4 gxh3+ 102. Kxh3 Kh5 103. Bf2 1/2-1/2

[Event "BL 0910 Solinger SG - Bayern München"]
[Site "?"]
[Date "2009.12.13"]
[Round "6.6"]
[White "Naumann, Alexander"]
[Black "Meissner, Bernd"]
[Result "1/2-1/2"]
[WhiteElo "2522"]
[BlackElo "2410"]
[PlyCount "131"]
[EventDate "2009.??.??"]

1. d4 Nf6 2. c4 g6 3. Nf3 Bg7 4. g3 O-O 5. Bg2 d6 6. O-O c5 7. Nc3 Nc6 8. dxc5
dxc5 9. Be3 Nd7 10. Qd2 e5 11. Rad1 Nd4 12. Bh6 Qa5 13. Bxg7 Kxg7 14. e3 Nxf3+
15. Bxf3 Nb6 16. b3 Bh3 17. Rfe1 Rab8 18. Ne4 Qxd2 19. Rxd2 Rfc8 20. Nd6 Rc7
21. Nb5 Rd7 22. Red1 a6 23. Nd6 Rc7 24. Ne4 h6 25. Rd6 Nd7 26. g4 Nf8 27. R6d5
Ne6 28. Be2 b5 29. f3 f5 30. Rd7+ Rxd7 31. Rxd7+ Kf8 32. Nf2 fxg4 33. fxg4 Ng5
34. Rd6 bxc4 35. Bxc4 Ke7 36. Rxa6 Rd8 37. Nxh3 Nxh3+ 38. Kf1 Rd1+ 39. Ke2 Rh1
40. Re6+ Kd7 41. Rxg6 Rxh2+ 42. Ke1 Rxa2 43. Rxh6 Ra1+ 44. Kd2 Nf2 45. Be6+ Kd6
46. Bc8+ Kc7 47. Bf5 e4 48. g5 Ra2+ 49. Kc1 Ra1+ 50. Kc2 Rg1 51. Rh2 Ng4 52.
Rh7+ Kd6 53. Bxe4 Nf2 54. Bf3 Rxg5 55. Kd2 Ng4 56. Bxg4 Rxg4 57. Rh6+ Kd5 58.
Rh5+ Kc6 59. Re5 Rg1 60. Re8 Rb1 61. Kc2 Re1 62. Kd3 Rb1 63. Kc2 Re1 64. Re6+
Kd7 65. Re4 Kc6 66. Kd2 1/2-1/2

[Event "BL 0910 Solinger SG - Bayern München"]
[Site "?"]
[Date "2009.12.13"]
[Round "6.7"]
[White "Lentrodt, Thomas"]
[Black "Hoffmann, Michael"]
[Result "0-1"]
[WhiteElo "2304"]
[BlackElo "2513"]
[PlyCount "60"]
[EventDate "2009.??.??"]

1. d4 Nf6 2. Bg5 e6 3. e4 h6 4. Bxf6 Qxf6 5. e5 Qe7 6. c3 d6 7. Nf3 Nc6 8. Bb5
Bd7 9. Qe2 a6 10. Bd3 dxe5 11. Nxe5 Nxe5 12. dxe5 g5 13. Nd2 Bg7 14. O-O-O
O-O-O 15. g3 h5 16. f4 gxf4 17. gxf4 Bh6 18. Rhf1 Qh4 19. Qf2 Qxf2 20. Rxf2 Bc6
21. Kc2 Rhg8 22. Nb3 Rg4 23. Nd4 Bd5 24. Ne2 h4 25. c4 Bc6 26. f5 Be3 27. Rff1
Rg2 28. fxe6 fxe6 29. h3 Rh2 30. Rf6 Be4 0-1

[Event "BL 0910 Solinger SG - Bayern München"]
[Site "?"]
[Date "2009.12.13"]
[Round "6.8"]
[White "Gabriel, Christian"]
[Black "Jorczik, Julian"]
[Result "1/2-1/2"]
[WhiteElo "2507"]
[BlackElo "2374"]
[PlyCount "49"]
[EventDate "2009.??.??"]

1. d4 Nf6 2. c4 g6 3. Nc3 Bg7 4. e4 d6 5. Nf3 O-O 6. Be2 e5 7. d5 a5 8. h3 Na6
9. Bg5 Bd7 10. O-O h6 11. Be3 Nh5 12. Qd2 Kh7 13. Nh2 Qh4 14. Bg4 Be8 15. Nf3
Qe7 16. Bxh5 gxh5 17. g3 Bd7 18. Kg2 f5 19. exf5 Bxf5 20. Nh4 Qd7 21. Nxf5 Qxf5
22. f3 b6 23. Rf2 Qg6 24. g4 Bf6 25. Qc2 1/2-1/2

[Event "BL 0910 SC Remagen - Erfurter SK"]
[Site "?"]
[Date "2009.12.13"]
[Round "6.2"]
[White "Parligras, Mircea"]
[Black "Michiels, Bart"]
[Result "1/2-1/2"]
[WhiteElo "2547"]
[BlackElo "2462"]
[PlyCount "87"]
[EventDate "2009.??.??"]

1. e4 e6 2. d4 d5 3. Nd2 Nf6 4. e5 Nfd7 5. Bd3 c5 6. c3 Nc6 7. Ne2 cxd4 8. cxd4
f6 9. exf6 Nxf6 10. Nf3 Qc7 11. O-O Bd6 12. Bg5 O-O 13. Bh4 Nh5 14. Qc2 h6 15.
Bh7+ Kh8 16. Bg6 Rxf3 17. Bxh5 Rf5 18. Bg6 Bxh2+ 19. Kh1 Bd6 20. Bxf5 exf5 21.
Rae1 Qf7 22. Bg3 Bb4 23. Rc1 Bd7 24. a3 Ba5 25. b4 Bb6 26. b5 Nxd4 27. Nxd4 f4
28. Bh2 Bxd4 29. Qd2 Bb6 30. Qxf4 Qxf4 31. Bxf4 Bxb5 32. Rfd1 Bc4 33. Be3 Bxe3
34. fxe3 b5 35. Kg1 a5 36. Rd4 Rb8 37. e4 dxe4 38. Rxe4 Bg8 39. Re5 b4 40. a4
b3 41. Rb1 Bh7 42. Rb2 Bc2 43. Rxa5 Rb4 44. Kf2 1/2-1/2

[Event "BL 0910 SC Remagen - Erfurter SK"]
[Site "?"]
[Date "2009.12.13"]
[Round "6.4"]
[White "Degraeve, Jean-Marc"]
[Black "Votava, Jan"]
[Result "1/2-1/2"]
[WhiteElo "2573"]
[BlackElo "2561"]
[PlyCount "119"]
[EventDate "2009.??.??"]

1. e4 e5 2. Nf3 Nc6 3. Bc4 Bc5 4. c3 Nf6 5. d3 d6 6. Nbd2 a6 7. Bb3 O-O 8. O-O
Ba7 9. h3 h6 10. Re1 Be6 11. Nf1 Re8 12. Ng3 d5 13. exd5 Bxd5 14. Bc2 Qd7 15.
Be3 Bxe3 16. Rxe3 Rad8 17. Qe2 Bxf3 18. Qxf3 Nd5 19. Ree1 Re6 20. Rad1 b6 21.
Qg4 Rd6 22. Qf3 Rf6 23. Qg4 Qxg4 24. hxg4 Rfd6 25. f3 Kf8 26. Ne4 R6d7 27. g3
Nde7 28. Kf2 g6 29. f4 exf4 30. gxf4 Kg7 31. d4 f5 32. gxf5 Nxf5 33. Ba4 Nfe7
34. Rg1 Rd5 35. Rg4 Rf5 36. Rdg1 h5 37. Rg5 b5 38. Rxf5 Nxf5 39. Bc2 Nce7 40.
Nc5 Rd6 41. Re1 Nd5 42. Re5 Nh6 43. Kf3 Nf7 44. Bb3 c6 45. Re6 g5 46. Bxd5 g4+
47. Kg2 cxd5 48. Rxd6 Nxd6 49. Nxa6 h4 50. Nc7 Kf6 51. Nxd5+ Kf5 52. b3 Ke4 53.
Nf6+ Kxf4 54. a4 bxa4 55. bxa4 h3+ 56. Kh2 Nc4 57. Nh5+ Kf3 58. d5 Ke4 59. d6
Nxd6 60. a5 1/2-1/2

[Event "BL 0910 SC Remagen - Erfurter SK"]
[Site "?"]
[Date "2009.12.13"]
[Round "6.5"]
[White "Enders, Peter"]
[Black "Dgebuadze, Alexandre"]
[Result "0-1"]
[WhiteElo "2467"]
[BlackElo "2521"]
[PlyCount "52"]
[EventDate "2009.??.??"]

1. e4 e6 2. d4 d5 3. Nc3 Bb4 4. e5 c5 5. a3 Bxc3+ 6. bxc3 Ne7 7. Qg4 O-O 8. Bd3
Nbc6 9. Bg5 Qa5 10. Ne2 Ng6 11. O-O c4 12. Bxg6 fxg6 13. a4 Rb8 14. Rfb1 b5 15.
axb5 Rxb5 16. Rc1 Qc7 17. Ng3 Qf7 18. Be3 Bd7 19. h4 h6 20. Rf1 Rfb8 21. Bc1
Rb1 22. Ba3 Rxa1 23. Rxa1 a5 24. Kf1 a4 25. Bd6 Rb2 26. Rxa4 Rb1+ 0-1

[Event "BL 0910 SC Remagen - Erfurter SK"]
[Site "?"]
[Date "2009.12.13"]
[Round "6.6"]
[White "Swinkels, Robin"]
[Black "Mueller, Matthias"]
[Result "1-0"]
[WhiteElo "2511"]
[BlackElo "2410"]
[PlyCount "81"]
[EventDate "2009.??.??"]

1. e4 e5 2. Nf3 Nc6 3. Bb5 a6 4. Bxc6 dxc6 5. O-O f6 6. d4 Bg4 7. c3 Bd6 8. Be3
Ne7 9. Nbd2 O-O 10. Qb3+ Kh8 11. dxe5 fxe5 12. c4 b6 13. c5 bxc5 14. Rfc1 Ng6
15. Ne1 Be2 16. Qc2 Nf4 17. Bxf4 exf4 18. Ndf3 Bxf3 19. Nxf3 Qf6 20. Re1 Qe6
21. Qa4 Be7 22. Qa5 Ra7 23. Rad1 Rb7 24. b3 Rb6 25. Qa4 Rb4 26. Qxa6 g5 27. Qd3
g4 28. Qd7 Qxd7 29. Rxd7 Re8 30. Ne5 g3 31. fxg3 fxg3 32. Nxc6 Bh4 33. hxg3
Bxg3 34. Re3 Bf4 35. Rh3 Rbxe4 36. Rhxh7+ Kg8 37. Rdg7+ Kf8 38. Rf7+ Kg8 39.
Rhg7+ Kh8 40. Rh7+ Kg8 41. Ne7+ 1-0

[Event "BL 0910 SC Remagen - Erfurter SK"]
[Site "?"]
[Date "2009.12.13"]
[Round "6.7"]
[White "Schoene, Maria"]
[Black "Teske, Henrik"]
[Result "0-1"]
[WhiteElo "2274"]
[BlackElo "2545"]
[PlyCount "44"]
[EventDate "2009.??.??"]

1. e4 c6 2. d4 d5 3. exd5 cxd5 4. c4 Nf6 5. Nc3 Nc6 6. Bg5 dxc4 7. d5 Ne5 8.
Qd4 Nd3+ 9. Bxd3 cxd3 10. Nf3 g6 11. Bxf6 exf6 12. O-O Be7 13. Nb5 a6 14. Rfe1
axb5 15. Qxf6 O-O 16. Rxe7 Qxd5 17. Re5 Rxa2 18. Rxa2 Qxa2 19. h3 Qxb2 20. Ng5
d2 21. Nxf7 d1=Q+ 22. Kh2 Qxe5+ 0-1

[Event "BL 0910 SC Remagen - Erfurter SK"]
[Site "?"]
[Date "2009.12.13"]
[Round "6.8"]
[White "Popovic, Petar"]
[Black "Schuetze, Norman"]
[Result "1-0"]
[WhiteElo "2496"]
[BlackElo "2278"]
[PlyCount "73"]
[EventDate "2009.??.??"]

1. e4 c5 2. Nf3 e6 3. d4 cxd4 4. Nxd4 a6 5. Bd3 Nf6 6. O-O Qc7 7. Qe2 d6 8. c4
g6 9. Nc3 Bg7 10. Be3 O-O 11. Rac1 b6 12. Rfd1 Bb7 13. f3 Nbd7 14. Qd2 Rfe8 15.
Bf1 Bf8 16. b4 Rac8 17. Na4 Qb8 18. Nb3 d5 19. exd5 exd5 20. c5 Bc6 21. Nxb6
Nxb6 22. cxb6 Bd6 23. g3 Bxg3 24. hxg3 Rxe3 25. Qxe3 Qxg3+ 26. Bg2 Ng4 27. Qd4
Qh2+ 28. Kf1 Bb5+ 29. Rd3 Rc4 30. Rxc4 dxc4 31. a4 Bxa4 32. fxg4 cxd3 33. Nd2
Bb5 34. b7 Qc7 35. Kf2 h5 36. Qa7 Qf4+ 37. Nf3 1-0

[Event "BL 0910 SC Eppingen - OSG Baden Baden"]
[Site "?"]
[Date "2009.12.13"]
[Round "6.1"]
[White "Svidler, Peter"]
[Black "Postny, Evgeny"]
[Result "1/2-1/2"]
[WhiteElo "2741"]
[BlackElo "2651"]
[PlyCount "95"]
[EventDate "2009.??.??"]

1. e4 e5 2. Nf3 Nc6 3. Bb5 a6 4. Ba4 Nf6 5. O-O Be7 6. Re1 b5 7. Bb3 d6 8. c3
O-O 9. h3 Na5 10. Bc2 c5 11. d4 Qc7 12. Nbd2 Be6 13. d5 Bd7 14. Nf1 Nb7 15. c4
Na5 16. Ne3 Nxc4 17. Nxc4 bxc4 18. Nd2 c3 19. bxc3 c4 20. Qe2 Rfc8 21. Rb1 a5
22. Ba3 g6 23. Kh2 Ne8 24. Rb2 Rab8 25. Rxb8 Qxb8 26. Rb1 Qc7 27. Qe3 f5 28.
Qb6 Qxb6 29. Rxb6 Bg5 30. Nf3 Bd8 31. Rb7 Rc7 32. Rb8 Rc8 33. Rxc8 Bxc8 34. Nd2
fxe4 35. Nxc4 Bb7 36. Bxe4 Nf6 37. Nxd6 Bxd5 38. Bxd5+ Nxd5 39. Ne4 Nb6 40. Bc5
Nc4 41. Nd6 Nb2 42. Kg3 Na4 43. Ne4 Kf7 44. Kf3 Ke6 45. c4 Nb2 46. Nd2 Nd3 47.
Ba3 Ne1+ 48. Ke4 1/2-1/2

[Event "BL 0910 SC Eppingen - OSG Baden Baden"]
[Site "?"]
[Date "2009.12.13"]
[Round "6.4"]
[White "Acs, Peter"]
[Black "Naiditsch, Arkadij"]
[Result "1/2-1/2"]
[WhiteElo "2550"]
[BlackElo "2685"]
[PlyCount "138"]
[EventDate "2009.??.??"]

1. d4 Nf6 2. c4 e6 3. Nc3 Bb4 4. Qc2 d5 5. cxd5 exd5 6. Bg5 h6 7. Bxf6 Qxf6 8.
Qa4+ Nc6 9. e3 O-O 10. Be2 Rd8 11. Nf3 Qg6 12. O-O Bh3 13. Ne1 Bf5 14. Rc1 Bf8
15. Qd1 Ne7 16. Nd3 c6 17. b4 a6 18. Na4 Nc8 19. Nac5 Nd6 20. Ne5 Qg5 21. Nf3
Qf6 22. Qb3 b5 23. a4 Nc4 24. Ra1 Be4 25. Ra2 Bxc5 26. dxc5 bxa4 27. Qxa4 a5
28. b5 cxb5 29. Qxb5 Rab8 30. Qa4 Rb4 31. Qd1 Bb1 32. Qxb1 Rxb1 33. Rxb1 Rc8
34. Bxc4 dxc4 35. Rxa5 Qf5 36. Rc1 Rxc5 37. Nd4 Qc8 38. Ra3 h5 39. Rac3 h4 40.
h3 g5 41. Nb3 Rc7 42. Nd2 Qd7 43. Rxc4 Rxc4 44. Nxc4 Qc6 45. Rc2 f5 46. f3 Kg7
47. Kf1 g4 48. e4 gxh3 49. gxh3 f4 50. Rg2+ Kh6 51. Nd2 Qc1+ 52. Ke2 Qc5 53.
Rg4 Qe3+ 54. Kd1 Qf2 55. e5 Qe3 56. Rxh4+ Kg7 57. Rg4+ Kf7 58. Rg5 Ke6 59. h4
Kd5 60. Rg2 Kd4 61. Re2 Qa3 62. Ke1 Kd3 63. Ne4 Qa1+ 64. Kf2 Qh1 65. Rd2+ Kc4
66. e6 Qh2+ 67. Kf1 Qh3+ 68. Kf2 Qh2+ 69. Kf1 Qh3+ 1/2-1/2